| 000 | 01296nam a2200229Ia 4500 | ||
|---|---|---|---|
| 003 | Ost | ||
| 005 | 20260507075629.0 | ||
| 008 | 260507s9999||||xx |||||||||||||| ||und|| | ||
| 020 | _a9789947782613 | ||
| 040 | _cfsecg | ||
| 041 | _aara | ||
| 082 | _a657.46 | ||
| 100 |
_aعيشوش، خيرة _eمؤلف |
||
| 245 | 0 |
_aالمحاسبة المالية المعمقة / _c خيرة عيشوش |
|
| 260 |
_aالجزائر: _bالنشر الجامعي الجديد, _c2021 |
||
| 300 |
_a112 صفحة؛ _bجداول _c24 سم |
||
| 504 | _aمراجع ص.112 | ||
| 520 | _aمحاسبة التثبيتات الجارية والتثبيتات الغير الجارية، وكذلك التثبيتات المالية مع المخزونات والنتجات قيد التنفيذ، والحقوق. اضافة الى الديون والقروض المماثلة، مع الايجار التمويلي والاعانات والعقود على المدى الطويل ومؤونات المخاطر والأعباء وكذلك تسوية حسابات التسيير وتغيير الطرق المحاسبية، وأخيرا تأسيس الشركات وتغيير رأس المال. | ||
| 653 | _aالمحاسبة التحليلية | ||
| 653 | _aالمحاسبة المعمقة | ||
| 942 | _cكتاب | ||
| 999 |
_c45185 _d45185 |
||